000 00784cam a2200217 a 4500
001 000022176
005 20200930011621.0
008 100917s1981 ck 000 0 spa d
020 _a9682310407
040 _aDO-SdBNP
_bspa
_cBNPHU
082 _ann*
_bnn*
100 1 _aFlores, Ángel.
_945883
245 1 0 _aNarrativa hispanoamericana 1816-1981 :
_bhistoria y antología /
_cÁngel Flores.
260 _aMedellín :
_bSiglo Veintiuno,
_c1981.
300 _a321 p. ;
_c18 cm.
490 1 _aLa creación literaria
505 0 _gv. 1.
_tDe lizardi a la generación de 1850-1879 --
_gv. 2.
_tLa generación de 1880-1909 --
_gv. 3.
_tLa generación de 1910-1939.
500 _aLa biblioteca sólo posee los volumenes 1, 2 y 3.
830 0 _aLa creación literaria
_939687
049 _aBNGR
999 _c21674
_d21674